All Brawlhalla Caracters - Statistiken

Allgemein
  • Dieses Quiz wurde 31 mal gespielt
  • Das Durchschnittsergebnis liegt bei 35 aus 64
Antwortstatistiken
Antwort % Korrekt
Ada
90%
Artemis
90%
Kor
86%
Bödvar
76%
Orion
76%
Caspian
71%
Hattori
71%
Mirage
71%
Mordex
71%
Nix
71%
Wu Shang
71%
Rayman
67%
Sir Roland
67%
Teros
67%
Vector
67%
Cross
62%
Kaya
62%
Queen Nai
62%
Thatch
62%
Thor
62%
Ulgrim
62%
Val
62%
Jiro
57%
King Zuva
57%
Koji
57%
Lin Fei
57%
Lord Vraxx
57%
Sidra
57%
Tezca
57%
Azoth
52%
Brynn
52%
Cassidy
52%
Loki
52%
Magyar
52%
Mako
52%
Onyx
52%
Red Raptor
52%
Asuri
48%
Fait
48%
Imugi
48%
Isaiah
48%
Jhala
48%
Lucien
48%
Ragnir
48%
Sentinel
48%
Seven
48%
Xull
48%
Yumiko
48%
Dusk
43%
Ember
43%
Gnash
43%
Munin
43%
Petra
43%
Scarlet
43%
Thea
43%
Volkov
43%
Zariel
43%
Arcadia
38%
Barraza
38%
Diana
38%
Ezio
33%
Jaeyun
33%
Reno
33%
Vivi
29%
Keine übereinstimmenden Quizze gefunden
Verteilung der Resultate
Anzahl Personen mit jedem Resultat
Perzentil nach korrekt beantworteten Fragen
Ihre Resultats-Entwicklung
Sie haben dieses Quiz noch nicht gespielt